Tripoints sur la carte du monde #4 - Statistiques

Statistiques générales
  • Ce quiz a été pris 7 025 fois
  • Le résultat moyen est 17 sur 27
Statistiques - réponses
Par images Réponse % Correct
Russie
87%
Pologne
79%
Somalie
79%
Lituanie
78%
Éthiopie
77%
Allemagne
74%
Kenya
74%
Belgique
73%
Pays-Bas
73%
Chili
72%
Pérou
71%
Bolivie
70%
Cameroun
67%
Guinée Équatoriale
67%
Gabon
66%
Autriche
60%
Italie
60%
Slovénie
59%
Viêt Nam
53%
Cambodge
52%
Laos
52%
Irak
48%
Turquie
48%
Syrie
47%
Guatemala
40%
Salvador
40%
Honduras
39%
Aucun quiz correspondant
Distribution des résultats
% des personnes avec chaque résultat
Percentile par nombre de réponses
Votre historique - résultats
Vous n’avez pas pris ce quiz